000 00682nam a2200265Ia 4500
005 20260121114444.0
008 008 260114s9999 xx 000 0 eng d
020 _a9789357467155
037 _aEBOOK
040 _aCRL
040 _beng
040 _cCRL
041 _2eng
041 _aeng
084 _qCRL
100 _aKeshab K. Parhi
_9975349
245 0 _aVLSI Digital Signal Processing Systems Design and Implementation
260 _bWiley
260 _c2024
650 _aElectrical & Electronics Engineering
_9975350
856 _uhttps://ebooks.wileyindia.com/product-details/470730
942 _cEBOOK
999 _c1554289
_d1554289